000 02512nam a2200337 4500
003 EC-UNACH
005 20250924114109.0
006 s||||gr|||| 00| 00
008 150116t9999 mx r gr 000 0 spa d
020 _a9789978456873
040 _aEC-UNACH
_cEC-UNACH
041 _aspa
082 0 4 _223
_a610.736
_bL000049
245 _aUrgencias quirúrgicas
250 _aPrimera edición
264 _aRiobamba - Ecuador
_bUnach
_c2006
300 _a638 páginas
_bFiguras
_c14,5 X 21 cm
505 _aAccesos venenosos -- Traqueostomía -- Profilaxis antibiótica -- Líquidos y electrolitos en cirugía -- Infección de heridas quirúrgicas -- Sondas naso intestinales -- Hemofilia en paciente quirúrgico -- Quemaduras -- Cuerpos extraños en el tracto digestivo -- Lesiones causticas de esófago -- Abdomen agudo -- Colelitiasis y colecistitis aguda -- Colangitis aguda -- Coledocolitiasis -- Ulcera péptica -- Pancreatitis aguda -- Apendicitis aguda -- Isquemia intestinal -- Salmonelosis complicada -- Megacolon tóxico -- Enfermedad diverticular del colon -- Peritoneo y peritonitis -- Sepsis abdominal -- Absceso intraabdominal -- Enfermedad inflamatoria pélvica -- Vólvulo de sigma -- Quiste ovárico torcido-hemorrágico -- Embarazo ectópico -- Cirugía de control de daños -- Hernia diafragmática traumática -- Trauma esplénico -- Trauma hepático -- Hematoma retroperitoneal -- Trauma pancreático -- Trauma de intestino delgado -- Trauma de colon -- Trauma renal -- Trauma vascular abdominal -- Síndrome de hellp -- Síndrome compartimental abdominal -- Hemorragia digestiva alta -- Hemorragia digestiva baja -- Rotura uterina -- Trauma genitourinario -- Lesiones traumáticas de vulva y vagina -- Hernia encarcelada -- Prostatitis -- Escroto agudo -- Retención aguda de orina -- Litiasis urinaria --Gangrena de Fournier -- Trauma de tórax -- Quiste pilonidal -- Enfermedad hemorroidal -- Abscesos del ano -- Lesión de vía biliar en cirugía laparoscópica -- Complicaciones en cirugía laparoscópica -- Manejo del dolor en el trauma -- Uso racional de drenes -- Anexos.
650 _9ABDOMEN AGUDO
650 _aQUEMADURASLESIONES CAUSTICAS DE ESÓFAGO
650 _aCOLANGITIS AGUDA
650 _aTRAQUEOSTOMÍA
700 _aOchoa, Gasman
700 _aPozo, Patricio
700 _aRodríguez, Byron
710 _aUnach
942 _2ddc
_c1
999 _c13896